000 00607 a2200169 4500
005 20250612082746.0
020 _a0-07-229990-8
082 _aLECT 658.72 VOL
100 _aVOLLMANN, T. E.
245 _aManufacturing Planning and Control for Supply Chain Management
250 _a5th Ed.
260 _aNew York,
_bMcGraw-Hill,
_c2005.
300 _axxii, 712p.: ill.; chart, figure, table
_bIndex & Reference
_c24cm.
700 _aBERRY, W. L., WHYBARK, D. C. & JACOBS, F. R.
856 _yAccess Online Book
_fManufacturing Planning and Control for Supply Chain Management
_dwww.mhhe.com
942 _2ddc
_cBKS
999 _c3817
_d3817